[Event "Brazilian City Cup 2nd"]
[Site "Brasilia"]
[Date "1998.05.24"]
[Round "5"]
[White "Rocha, Wellington Carlos"]
[Black "Villar, Jose A"]
[Result "1-0"]
[WhiteElo "2325"]
[BlackElo "2105"]
[PlyCount "52"]
[EventDate "1998.05.22"]
[EventType "tourn"]
[EventRounds "11"]
[EventCountry "BRA"]
[SourceTitle "CBM 065 Extra"]
[Source "ChessBase"]
[SourceDate "1998.09.09"]
[SourceVersion "1"]
[SourceVersionDate "1998.09.09"]
[SourceQuality "1"]

1. e4 e5 2. Nf3 Nc6 3. Bb5 a6 4. Ba4 Nf6 5. 0-0 Nxe4 6. d4 b5 7. Bb3 d5 8. Nc3 Nxc3 9. bxc3 e4 10. Ng5 Be6 11. f3 exf3 12. Qxf3 Qd7 13. Nxe6 fxe6 14. Bg5 Nd8 15. Rae1 c6 16. Bxd8 Rxd8 17. Qf5 Ke7 18. Qg5+ Kd6 19. Qg3+ Ke7 20. a4 Ra8 21. axb5 axb5 22. Ra1 Rxa1 23. Qg5+ Kd6 24. Qf4+ Ke7 25. Rxa1 g6 26. Qb8 Kf6 1-0

[Event "Brazilian City Cup 2nd"]
[Site "Brasilia"]
[Date "1998.05.23"]
[Round "2"]
[White "Villar, Jose A"]
[Black "Lima, Darcy Gustavo Macha"]
[Result "0-1"]
[WhiteElo "2105"]
[BlackElo "2475"]
[PlyCount "82"]
[EventDate "1998.05.22"]
[EventType "tourn"]
[EventRounds "11"]
[EventCountry "BRA"]
[SourceTitle "CBM 065 Extra"]
[Source "ChessBase"]
[SourceDate "1998.09.09"]
[SourceVersion "1"]
[SourceVersionDate "1998.09.09"]
[SourceQuality "1"]

1. e4 e5 2. Nf3 Nc6 3. Bb5 Nd4 4. Nxd4 exd4 5. Qf3 g6 6. c3 Bg7 7. cxd4 Bxd4 8. Nc3 Ne7 9. d3 0-0 10. Bh6 Bg7 11. Bxg7 Kxg7 12. Rd1 a6 13. Bc4 b5 14. Bb3 Bb7 15. 0-0 c5 16. Qe3 Rc8 17. f4 f5 18. exf5 Nxf5 19. Qe5+ Qf6 20. Qxf6+ Rxf6 21. Rde1 Kf8 22. Ne4 Bxe4 23. dxe4 Nd4 24. e5 Rb6 25. Bd5 Ke7 26. Re3 h5 27. g3 d6 28. Kg2 dxe5 29. Rxe5+ Kf6 30. Rfe1 Rd6 31. Be4 c4 32. h3 c3 33. bxc3 Rxc3 34. Rd5 Rxd5 35. Bxd5 Rc2+ 36. Kf1 Rc5 37. Be4 Rc3 38. Kf2 h4 39. Rd1 hxg3+ 40. Kg2 Nf5 41. Rd3 Rc2+ 0-1